Hóa học đại cương 2 : Cơ sở lí thuyết các quá trình hoá học
Trình bày các lý thuyết về phản ứng hoá học xét dưới góc độ năng lượng, tốc độ, mối tương quan giữa phản ứng hoá học và dòng điện, cũng như một số vấn đề thực tiễn của hoá học có liên quan tới đời sống và sản xuất như: ăn mòn...
Đã lưu trong:
| 主要作者: | |
|---|---|
| 格式: | 圖書 |
| 語言: | Undetermined |
| 出版: |
Hà Nội
Đại học Sư phạm Hà Nội
2009
|
| 主題: | |
| 標簽: |
添加標簽
沒有標簽, 成為第一個標記此記錄!
|
| Thư viện lưu trữ: | Trung tâm Học liệu Trường Đại học Cần Thơ |
|---|
| LEADER | 01114nam a2200217Ia 4500 | ||
|---|---|---|---|
| 001 | CTU_150498 | ||
| 008 | 210402s9999 xx 000 0 und d | ||
| 020 | |c 48000 | ||
| 082 | |a 541 | ||
| 082 | |b H103 | ||
| 100 | |a Trần, Hiệp Hải | ||
| 245 | 0 | |a Hóa học đại cương 2 : | |
| 245 | 0 | |b Cơ sở lí thuyết các quá trình hoá học | |
| 245 | 0 | |c Trần Hiệp Hải , Vũ Ngọc Ban , Trần Thành Huế | |
| 260 | |a Hà Nội | ||
| 260 | |b Đại học Sư phạm Hà Nội | ||
| 260 | |c 2009 | ||
| 520 | |a Trình bày các lý thuyết về phản ứng hoá học xét dưới góc độ năng lượng, tốc độ, mối tương quan giữa phản ứng hoá học và dòng điện, cũng như một số vấn đề thực tiễn của hoá học có liên quan tới đời sống và sản xuất như: ăn mòn kim loại, điện phân, hoá học chất keo | ||
| 650 | |a Chemistry,Háo học | ||
| 904 | |i Hoan | ||
| 980 | |a Trung tâm Học liệu Trường Đại học Cần Thơ | ||